000 01462nam a22002657a 4500
005 20240809125404.0
010 _aHIN-117166(भा.-2) HIN-118347 HIN-118298
020 _c415.00(भा.-2)
_a978-81-237-8107-5(भा.-2)
020 _c450.00(भा.-1)
_a978-81-237-8136-5
020 _c400.00(भा.-3)
_a978-81-237-8137-2(भा.-3)
035 _aHN-89512(भा.-2)
035 _aHN-90643(भा.-1)
035 _aHN-90644(भा.-3)
037 _bDBAD/PUB
082 _a808.883
245 _aआकाशवाणी साहित्य सम्पदा /
_cशशि शेखर वेम्पटि ,फैयाज़ शहरयार एवं अशोक त्रिपाठी के द्वारा सम्पादित
260 _aनई दिल्ली
_bराष्टीय पुस्तक न्यास, भारत
_c2018
270 _aनेहरु भावन 5,इंस्टीटूशनल एरिया,फेज-II
_b नई दिल्ली
_e110070
300 _a299पृ.(भा.-2);333पृ.(भा.-1);286पृ.(भा.-3)
_c24सेमी(अजिल्द)
490 _vभाग.-1 भाग.-2 भाग.-3
700 _a वेम्पटि ,शशि शेखर
_969823
700 _aशहरयार, फैयाज़
_969824
700 _aत्रिपाठी, अशोक
_969825
942 _2ddc
_cHN
_h808.883
_mआकाश
999 _c168095
_d168095